|
|
|
|
| LEADER |
00000nam a2200000 a 4500 |
| 001 |
vtls001290963 |
| 003 |
SK-MaSNL |
| 005 |
20260301234957.0 |
| 008 |
240315s1978 xx 0 und |
| 035 |
|
|
|a SNK000242623
|
| 040 |
|
|
|a SNK
|b slo
|c SNK
|e AACR2
|
| 100 |
1 |
|
|a Walter, Vilém
|4 aut
|9 287618
|
| 245 |
1 |
|
|a Rozmnožování okrasných stromů a keřů
|
| 260 |
|
|
|a Praha
|b Státní zemědělské nakladatelství
|c 1978
|
| 300 |
|
|
|a 367 s.
|
| 958 |
|
|
|a OND
|
| 999 |
|
|
|c 972740
|d 974670
|
| 952 |
|
|
|t P60, <04>, [BOOK], {604}
|a SNK
|b SNK
|y VYP
|7 0
|p 17A0102552
|o snkIC 72861
|0 0
|1 0
|4 0
|d 1997-10-13
|l 0
|r 2005-01-02 00:00:00
|w 2026-02-24
|
| 952 |
|
|
|t P60, <04>, [BOOK], {604}
|a SNK
|b SNK
|y VYP
|7 0
|p 17A0073119
|o snkIC 72861 D1
|0 0
|1 1
|4 0
|d 1997-06-17
|l 0
|r 2005-01-02 00:00:00
|w 2026-02-24
|